Normal view MARC view
  • Román, Celso,

Entry Nombre Personal

Number of records used in: 4

001 - NUMERO DE CONTROL

  • campo de control: 37965

003 - IDENTIFICADOR DE NUMERO DE CONTROL

  • campo de control: UPN

005 - FECHA Y HORA DE LA ÜLTIMA TRANSACCIÓN

  • campo de control: 20210219194530.0

008 - DATOS DE LONGITUD FIJA

  • campo de control de longitud fija: nabaccnnaabn|||||||||| b |nc|||||d

035 ## - NUMERO DE CONTROL

  • Número de control: UPN11000010072

040 ## - FUENTE DE CATALOGACIÓN

  • Lenguaje de catalogación: SPA
  • Agencia de transcripción: UPN

053 #4 - NÚMERO DE CLASIFICACIÓN LC

  • Número de clasificación elemento-número único o número inicial de tramo: PQ8180.28 O4.2

100 1# - ENCABEZAMIENTO - NOMBRE PERSONAL

  • Nombre personal: Román, Celso,
  • Fechas asociadas con el nombre: 1947-

670 ## - FUENTE EN LA QUE SE LOCALIZARON DATOS

  • Cita de la fuente: T
  • Uniform Resource Identifier: http://www.banrepcultural.org/blaavirtual/ninos/relatoi/rela26.htm

680 ## - NOTA PUBLICA DE ACCESO PÚBLICO

  • Frase explicativa de la referencia: Nació en Bogotá. Se graduó como médico veterinario para luego dedicarse al arte y a la literatura, estudiando artes en la Universidad Nacional de Colombia y realizó estudios de postgrado en el Pratt Institute de Nueva York. Ha exhibido sus esculturas en el Museo de Arte Contemporáneo, la Galería San Diego y el Museo de Arte de la Universidad Nacional. Ha sido, además, profesor de Bellas Artes en las universidades Pedagógica, Jorge Tadeo Lozano y Nacional.

902 ## - CATALOGADOR

  • Catalogador: MITM/111115